Far gone / Laura Griffin.
Available copies
- 2 of 2 copies available at LARL/NWRL Consortium.
- 1 of 1 copy available at Northwest Regional Library. (Show preferred library)
Current holds
0 current holds with 2 total copies.
View other formats and editions
Show Only Available Copies
| Location | Call Number / Copy Notes | Barcode | Shelving Location | Status | Due Date |
|---|---|---|---|---|---|
| Thief River Falls Public Library | GRI (Text) | 35500005384167 | Main | Available | - |
| Detroit Lakes Public Library | GRI (Text) | 33500011834942 | Main | Available | - |
Record details
- ISBN: 9781451689341 (hard cover : alk. paper)
- ISBN: 1451689349 (hard cover : alk. paper)
- ISBN: 9781476758855 (mass market : alk. paper)
- ISBN: 1476758859 (mass market : alk. paper)
- Physical Description: pages cm
- Edition: First Gallery Books hardcover edition.
- Publisher: New York : Gallery Books, 2014.
Search for related items by subject
| Genre: | Mystery fiction. Romantic suspense fiction. |
| LDR | 01909cam a22005178i 4500 | ||
|---|---|---|---|
| 001 | 163969 | ||
| 003 | LARL_NWRL_CONSORTIUM | ||
| 005 | 20140320103251.0 | ||
| 008 | 130919s2014 nyu 000 1 eng | ||
| 010 | . | ‡a2013033910 | |
| 019 | . | ‡a865496278 | |
| 020 | . | ‡a9781451689341 (hard cover : alk. paper) | |
| 020 | . | ‡a1451689349 (hard cover : alk. paper) | |
| 020 | . | ‡a9781476758855 (mass market : alk. paper) | |
| 020 | . | ‡a1476758859 (mass market : alk. paper) | |
| 020 | . | ‡z9781451689372 (ebook) | |
| 035 | . | ‡a(OCoLC)852226483 ‡z(OCoLC)865496278 | |
| 040 | . | ‡aDLC ‡beng ‡erda ‡cDLC ‡dBTCTA ‡dBDX ‡dOCLCO | |
| 042 | . | ‡apcc | |
| 043 | . | ‡an-us--- | |
| 050 | 0 | 0. | ‡aPS3607.R54838 ‡bF37 2014 |
| 082 | 0 | 0. | ‡a813/.6 ‡223 |
| 100 | 1 | . | ‡aGriffin, Laura, ‡d1973- ‡0(LARL_NWRL_CONSORTIUM)213266 |
| 245 | 1 | 0. | ‡aFar gone / ‡cLaura Griffin. |
| 250 | . | ‡aFirst Gallery Books hardcover edition. | |
| 260 | . | ‡aNew York : ‡bGallery Books, ‡c2014. | |
| 300 | . | ‡apages cm | |
| 336 | . | ‡atext ‡2rdacontent | |
| 337 | . | ‡aunmediated ‡2rdamedia | |
| 338 | . | ‡avolume ‡2rdacarrier | |
| 650 | 0. | ‡aWomen detectives ‡vFiction. ‡0(LARL_NWRL_CONSORTIUM)167906 | |
| 650 | 0. | ‡aBrothers and sisters ‡vFiction. ‡0(LARL_NWRL_CONSORTIUM)163634 | |
| 610 | 1 | 0. | ‡aUnited States. ‡bFederal Bureau of Investigation ‡vFiction. |
| 650 | 0. | ‡aMurder ‡xInvestigation ‡vFiction. ‡0(LARL_NWRL_CONSORTIUM)166203 | |
| 650 | 0. | ‡aSerial murders ‡vFiction. ‡0(LARL_NWRL_CONSORTIUM)167273 | |
| 650 | 0. | ‡aTerrorism ‡xPrevention ‡vFiction. ‡0(LARL_NWRL_CONSORTIUM)167697 | |
| 655 | 7. | ‡aMystery fiction. ‡2gsafd | |
| 655 | 7. | ‡aRomantic suspense fiction. ‡2gsafd | |
| 948 | . | ‡hNO HOLDINGS IN LAL - 32 OTHER HOLDINGS | |
| 994 | . | ‡aZ0 ‡bLAL | |
| 901 | . | ‡a163969 ‡bOCLC ‡c163969 ‡tbiblio | |

Add to basket
Permalink
Disable Highlighting